| 000 | 00792nam a2200217 a 4500 | ||
|---|---|---|---|
| 008 | 091126s1982 ||||||||||||||||| || u | ||
| 050 | _aASC(08)RR/14 | ||
| 100 | _aNiemeijer, Rudo | ||
| 245 | 1 | 0 |
_aEffects of nutrition rehabilitation at three family life training centres in Central Province, Kenya _cJan Hoorweg and Rudo Niemeijer |
| 260 |
_aLeiden: _bASC _c1982 |
||
| 300 | _a99p. | ||
| 350 | _a0.00 | ||
| 490 | _aASC Reseach reports | ||
| 500 | _aBibliography | ||
| 650 | 0 | _aNUTRITION POLICY | |
| 650 | _aNUTRITION--KENYA | ||
| 650 | 0 | _aNUTRITION | |
| 700 | _aHoorweg, Jan | ||
| 710 | _aAfrica Studies Centre (ASC) | ||
| 995 |
_D0.00 _FCBU-MAIN LIBRARY (Kitwe) _H1 _I0.00 _M1 _UAVAILABLE _WNov 26, 2009 _ZInternational Publications |
||
| 999 |
_c41356 _d41356 |
||